| Tag |
First Indicator |
Second Indicator |
Subfields |
| LEADER |
00000cam a2200000I 4500 |
| 001 |
in00000024170 |
| 005 |
20151007061037.0 |
| 008 |
750421s1909 enkaf 001 0deng c |
| 010 |
|
|
|a w 09000098
|
| 035 |
|
|
|a (OCoLC)ocm01291113
|
| 035 |
|
|
|a (OCoLC)01291113
|
| 035 |
|
|
|9 AAD0920AM
|
| 040 |
|
|
|a Washington, D.C. Public Library
|c BNG
|d SER
|d ICP
|d TXA
|d UtOrBLW
|
| 041 |
1 |
|
|a eng
|h ger
|
| 043 |
|
|
|a el-----
|a e-ne---
|
| 049 |
|
|
|a TXAM
|
| 050 |
1 |
0 |
|a ND631
|b .B
|
| 090 |
|
|
|a ND631
|b .B613 1909
|
| 092 |
|
|
|a 759.94
|b Bode
|
| 100 |
1 |
|
|a Bode, Wilhelm von,
|d 1845-1929.
|
| 240 |
1 |
0 |
|a Rembrandt und seine Zeitgenossen.
|l English
|
| 245 |
1 |
0 |
|a Great masters of Dutch and Flemish painting /
|c by W. Bode. Tr. by Margaret L. Clarke.
|
| 264 |
|
1 |
|a London :
|b Duckworth and Co.;
|a New York :
|b C. Scribner's Sons,
|c 1909.
|
| 300 |
|
|
|a ix, 358 pages :
|b 39 plates (including frontispiece) ;
|c 20 cm.
|
| 336 |
|
|
|a text
|b txt
|2 rdacontent
|
| 337 |
|
|
|a unmediated
|b n
|2 rdamedia
|
| 338 |
|
|
|a volume
|b nc
|2 rdacarrier
|
| 500 |
|
|
|a "This book has been translated from the second and revised edition of Dr. Bode's 'Rembrandt und seine zeitgenossen'."
|
| 504 |
|
|
|a Includes index.
|
| 650 |
|
0 |
|a Painters
|z Netherlands.
|
| 650 |
|
0 |
|a Painters
|z Flanders.
|
| 700 |
1 |
|
|a Clarke, Margaret L.,
|e translator.
|
| 949 |
|
|
|a updated
|b h
|c 2004/2/26
|e fpiscitelli
|f 4:23:45 pm
|
| 994 |
|
|
|a E0
|b TXA
|
| 999 |
|
|
|a MARS
|
| 999 |
f |
f |
|s 8252ff0d-0c6b-32fb-9bbd-9d449e3282c5
|i 8fd39b0a-8ce8-34c0-b78d-762cbf9d789e
|t 0
|
| 952 |
f |
f |
|p ric
|a Texas A&M University
|b Rellis Campus
|c Joint Library Facility
|d Remote Storage
|t 0
|e ND631 .B613 1909
|h Library of Congress classification
|i unmediated -- volume
|m A14801158879
|
| 998 |
f |
f |
|a ND631 .B613 1909
|t 0
|l Remote Storage
|